| 000 | 00367nam a22001457a 4500 | ||
|---|---|---|---|
| 008 | 250626b |||||||| |||| 00| 0 eng d | ||
| 020 | _a9789785309553 | ||
| 050 |
_aPN 3338 _b.A37 |
||
| 100 | _aAkporobaro F.B.O | ||
| 245 | _aIntroduction To Friction | ||
| 260 |
_aIkeja _bPrinceton Publishing Company _c2012 |
||
| 300 | _a414p | ||
| 650 | _aFiction | ||
| 942 | _cBK | ||
| 999 |
_c3984 _d3984 |
||